[Event "Asian Open Men"]
[Site "Ho Chi Minh"]
[Date "2012.05.05"]
[Round "1.34"]
[White "Tan, Weiliang"]
[Black "Nguyen, Duc Hoa"]
[Result "0-1"]
[WhiteElo "2222"]
[BlackElo "2496"]
[PlyCount "72"]
[EventDate "2012.05.05"]
[EventRounds "9"]
[EventCountry "VIE"]

1. e4 c5 2. Nf3 Nc6 3. d4 cxd4 4. Nxd4 Qb6 5. Nb3 Nf6 6. Nc3 e6 7. Qe2 Bb4 8.
Bd2 O-O 9. a3 Be7 10. e5 Nd5 11. O-O-O d6 12. exd6 Bxd6 13. Nb5 Bb8 14. c4 a6
15. cxd5 exd5 16. Be3 Qxb5 17. Qxb5 axb5 18. Bxb5 Bf5 19. Bd3 Bg4 20. f3 Be6
21. Kb1 Re8 22. Bf2 Ne5 23. Nd4 Ba7 24. Nxe6 fxe6 25. Bxa7 Rxa7 26. Rhe1 Nc6
27. Bb5 Kf7 28. f4 g6 29. Rc1 Rc8 30. g3 Ke7 31. Rc3 Kd6 32. Rec1 Raa8 33. Bd3
Rf8 34. Bf1 e5 35. fxe5+ Nxe5 36. Rc7 Rxf1 0-1

[Event "Asian Open Men"]
[Site "Ho Chi Minh"]
[Date "2012.05.05"]
[Round "1.35"]
[White "Qu, Yanqiao"]
[Black "Ferdiman, Tersiman"]
[Result "1-0"]
[WhiteElo "2159"]
[BlackElo "2009"]
[PlyCount "165"]
[EventDate "2012.05.05"]
[EventRounds "9"]
[EventCountry "VIE"]

1. e4 e5 2. Nc3 Nc6 3. g3 Bc5 4. Bg2 Nf6 5. d3 h6 6. h3 d6 7. Nge2 Be6 8. Nd5
a6 9. O-O Nb4 10. c4 Nbxd5 11. cxd5 Bd7 12. d4 Bb6 13. Be3 exd4 14. Bxd4 Bxd4
15. Nxd4 O-O 16. Rc1 Re8 17. Re1 Rc8 18. Qd3 Nh7 19. Kh2 Qf6 20. Rc2 Nf8 21.
Rec1 c5 22. dxc6 bxc6 23. Rd1 d5 24. b4 Qd6 25. a3 dxe4 26. Bxe4 c5 27. bxc5
Rxc5 28. Rxc5 Qxc5 29. Bf3 Ba4 30. Rd2 Rd8 31. Qe3 Re8 32. Qd3 Ng6 33. Qxa6
Qxa3 34. Bd5 Ne7 35. Ra2 Qc5 36. Qxa4 Rd8 37. Ne6 fxe6 38. Bxe6+ Kh8 39. Qe4
Rf8 40. Kg2 Ng8 41. Rc2 Qa7 42. Bc4 Nf6 43. Qg6 Qb7+ 44. Kh2 Qf3 45. Qd3 Qh5
46. Kg2 Qa5 47. Re2 Qa8+ 48. f3 Rd8 49. Qg6 Qa3 50. h4 Qc5 51. Bd3 Qd6 52. Bf5
Qd1 53. Rf2 Qe1 54. Bc2 Ra8 55. Qd3 Re8 56. g4 Re3 57. Qd8+ Re8 58. Qd3 Re3 59.
Qb5 Re5 60. Qd3 Re3 61. Qd2 Kg8 62. Bg6 Qxd2 63. Rxd2 Kf8 64. Rd8+ Ke7 65. Ra8
Re2+ 66. Kg3 Rd2 67. g5 hxg5 68. hxg5 Nd7 69. Rg8 Ne5 70. Re8+ Kd6 71. Rd8+ Nd7
72. Rg8 Rd1 73. Bf5 Rg1+ 74. Kf4 Nb6 75. Be4 Nc4 76. Rxg7 Ne5 77. Ra7 Nd7 78.
Bf5 Nc5 79. g6 Re1 80. g7 Re8 81. Kg5 Rg8 82. Kh6 Rb8 83. Kh7 1-0

[Event "Asian Open Men"]
[Site "Ho Chi Minh"]
[Date "2012.05.06"]
[Round "2.2"]
[White "Gomez, John Paul"]
[Black "Negi, Parimarjan"]
[Result "1-0"]
[WhiteElo "2507"]
[BlackElo "2640"]
[PlyCount "121"]
[EventDate "2012.05.05"]
[EventRounds "9"]
[EventCountry "VIE"]

1. e4 e5 2. Nf3 Nc6 3. Bb5 a6 4. Ba4 Nf6 5. d3 d6 6. c3 g6 7. O-O Bg7 8. Re1
O-O 9. Nbd2 Re8 10. Bb3 Na5 11. Bc2 c5 12. b4 cxb4 13. cxb4 Nc6 14. a3 d5 15.
Bb3 d4 16. Qc2 Be6 17. Bxe6 Rxe6 18. Nb3 Rc8 19. Nc5 Re7 20. Qb3 a5 21. Bd2 b6
22. Na6 axb4 23. axb4 Na7 24. b5 Qd7 25. Reb1 h6 26. Ne1 Re6 27. Ra2 Ne8 28.
Nc2 Nd6 29. Na3 Qb7 30. Qa4 Ree8 31. Bb4 Bf8 32. Bxd6 Bxd6 33. Nc4 Bf8 34. Rba1
Rcd8 35. Nb4 Bxb4 36. Qxb4 Nc8 37. Ra6 Qc7 38. h3 Kg7 39. Ra8 h5 40. h4 Re6 41.
g3 Rde8 42. R1a2 Rd8 43. Qa4 Nd6 44. Ra7 Qc5 45. Nxd6 Qc1+ 46. Kg2 Rdxd6 47.
Rc2 Qe1 48. Qc4 Qd1 49. Qc8 Qxd3 50. Ra8 Qxe4+ 51. f3 Qxa8 52. Qxa8 d3 53. Rd2
f5 54. Qc8 Kf7 55. Qc7+ Kf6 56. Ra2 f4 57. Ra8 Kf5 58. Rf8+ Rf6 59. Qc8+ Rde6
60. Rxf6+ Kxf6 61. Qf8# 1-0

[Event "Asian Open Men"]
[Site "Ho Chi Minh"]
[Date "2012.05.06"]
[Round "2.3"]
[White "Yu, Yangyi"]
[Black "Laylo, Darwin"]
[Result "1-0"]
[WhiteElo "2626"]
[BlackElo "2502"]
[PlyCount "145"]
[EventDate "2012.05.05"]
[EventRounds "9"]
[EventCountry "VIE"]

1. e4 c6 2. d4 d5 3. Nc3 dxe4 4. Nxe4 Nd7 5. Ng5 Ngf6 6. Bc4 e6 7. Qe2 Nb6 8.
Bb3 h6 9. N5f3 a5 10. c3 a4 11. Bc2 a3 12. b4 Na4 13. Bd2 Nd5 14. Ne5 Qc7 15.
Qh5 Nf6 16. Qh4 Bd6 17. Ngf3 Nd5 18. Qg4 Naxc3 19. Qxg7 Rf8 20. Nxf7 Bf4 21.
Bxc3 Nxc3 22. Bg6 Qe7 23. N3e5 Bxe5 24. dxe5 Kd7 25. Bh5 Nd5 26. Qxh6 Rxf7 27.
Bxf7 Qxf7 28. O-O Kc7 29. f4 Qf5 30. b5 Bd7 31. bxc6 bxc6 32. Qg5 Ra4 33. Rae1
Rxf4 34. Qxf5 Rxf5 35. Rxf5 exf5 36. h4 Be8 37. Rf1 f4 38. Kf2 Bh5 39. g3 Ne3
40. Re1 Nd1+ 41. Kf1 Ne3+ 42. Kf2 Ng4+ 43. Kg2 f3+ 44. Kxf3 Nxe5+ 45. Ke4 Kd6
46. Kf5 Bg4+ 47. Kf6 Nd7+ 48. Kg5 Be6 49. h5 Ne5 50. h6 Nf7+ 51. Kf6 Bxa2 52.
h7 Bd5 53. g4 a2 54. Ra1 Be4 55. Kxf7 Bxh7 56. Rxa2 c5 57. g5 Ke5 58. Rh2 Bd3
59. Rh5 Kd4 60. Rh4+ Kd5 61. Rh5 Kd4 62. Ke6 c4 63. Rh4+ Kc5 64. Ke5 c3 65. Rh8
Ba6 66. g6 c2 67. Rh1 Kb4 68. Kd4 Kb3 69. Rc1 Bc8 70. g7 Be6 71. Kd3 Bf5+ 72.
Kd2 Bh7 73. Rxc2 1-0

[Event "Asian Open Men"]
[Site "Ho Chi Minh"]
[Date "2012.05.06"]
[Round "2.4"]
[White "Nguyen, Van Huy"]
[Black "Zhao, Jun"]
[Result "1/2-1/2"]
[WhiteElo "2502"]
[BlackElo "2577"]
[PlyCount "60"]
[EventDate "2012.05.05"]
[EventRounds "9"]
[EventCountry "VIE"]

1. d4 Nf6 2. Nf3 g6 3. g3 Bg7 4. Bg2 O-O 5. O-O d6 6. a4 Nc6 7. a5 Bd7 8. c4 e5
9. d5 Ne7 10. Nc3 Ne8 11. e4 h6 12. Ne1 f5 13. Nd3 g5 14. c5 f4 15. a6 b6 16.
c6 Bc8 17. g4 Ng6 18. f3 Bf6 19. Kf2 Rf7 20. Ke1 Rh7 21. h3 Qe7 22. Kd2 Qg7 23.
Kc2 Bd8 24. Bd2 Nh4 25. Qe2 Ng6 26. Rh1 Qh8 27. b4 Nf6 28. b5 h5 29. Rag1 h4
30. Kb3 Ne8 1/2-1/2

[Event "Asian Open Men"]
[Site "Ho Chi Minh"]
[Date "2012.05.06"]
[Round "2.7"]
[White "Liu, Qingnan"]
[Black "Paragua, Mark"]
[Result "1-0"]
[WhiteElo "2483"]
[BlackElo "2521"]
[PlyCount "65"]
[EventDate "2012.05.05"]
[EventRounds "9"]
[EventCountry "VIE"]

1. e4 c6 2. d4 d5 3. e5 Bf5 4. Nf3 e6 5. Be2 c5 6. c3 Nc6 7. O-O Bg6 8. a3 c4
9. Be3 Nh6 10. Bxh6 gxh6 11. Ne1 Qb6 12. Ra2 Be7 13. Nd2 O-O-O 14. f4 f6 15.
exf6 Bxf6 16. Bg4 Kb8 17. Kh1 Ne7 18. Nef3 Bd3 19. Re1 Nf5 20. b3 Rhg8 21. Bh3
Qd6 22. bxc4 Qxf4 23. Rxe6 Bg5 24. cxd5 Ne3 25. Qb3 Ng4 26. Bxg4 Qxg4 27. Ne5
Qf5 28. Nc6+ Ka8 29. Nxd8 Bxd8 30. Rb2 Bb6 31. Nf3 Be4 32. c4 Qf4 33. Re2 1-0

[Event "Asian Open Men"]
[Site "Ho Chi Minh"]
[Date "2012.05.06"]
[Round "2.9"]
[White "Novita, Anjas"]
[Black "Venkatesh, M R."]
[Result "1/2-1/2"]
[WhiteElo "2304"]
[BlackElo "2517"]
[PlyCount "121"]
[EventDate "2012.05.05"]
[EventRounds "9"]
[EventCountry "VIE"]

1. e4 c5 2. Nf3 Nc6 3. d4 cxd4 4. Nxd4 Nf6 5. Nc3 d6 6. Bc4 e6 7. Bb3 a6 8. Be3
Qc7 9. Qe2 Na5 10. g4 b5 11. g5 Nd7 12. h4 Bb7 13. f3 Nc5 14. h5 Be7 15. O-O-O
O-O 16. Kb1 b4 17. Na4 Nxa4 18. Bxa4 d5 19. f4 Nc4 20. g6 e5 21. gxf7+ Rxf7 22.
Ne6 Qc8 23. f5 d4 24. Bc1 Nd6 25. Bb3 Bxe4 26. Rhg1 Kh8 27. Nxg7 Rxg7 28. Rxg7
Kxg7 29. Qg4+ Kh8 30. Rg1 Bf6 31. Bg5 Bxg5 32. Qxg5 Qf8 33. f6 Nf7 34. Qg4 Bc6
35. Qe6 Be4 36. Rg7 d3 37. Rxf7 Qg8 38. Rg7 Qxe6 39. Bxe6 dxc2+ 40. Kc1 Rd8 41.
Rg1 Rd1+ 42. Rxd1 cxd1=Q+ 43. Kxd1 Bf3+ 44. Kd2 Bxh5 45. Kd3 Bg6+ 46. Kc4 a5
47. a3 e4 48. Kd4 h5 49. axb4 axb4 50. Ke3 Kh7 51. Kf4 Kh6 52. Bh3 h4 53. Be6
Bh7 54. Kg4 Bg6 55. Kxh4 e3 56. Bc4 Bf7 57. Bd3 Bh5 58. Kg3 Kg5 59. Be2 Bf7 60.
Kf3 Kxf6 61. Ke4 {Ke5+} 1/2-1/2

[Event "Asian Open Men"]
[Site "Ho Chi Minh"]
[Date "2012.05.06"]
[Round "2.10"]
[White "Gundavaa, Bayarsaikhan"]
[Black "Irwanto, Sadikin"]
[Result "1-0"]
[WhiteElo "2516"]
[BlackElo "2419"]
[PlyCount "119"]
[EventDate "2012.05.05"]
[EventRounds "9"]
[EventCountry "VIE"]

1. d4 Nf6 2. c4 e6 3. Nc3 d5 4. cxd5 exd5 5. Bg5 c6 6. Qc2 Nbd7 7. e3 Be7 8.
Bd3 O-O 9. Nge2 Re8 10. O-O Nf8 11. f3 Nh5 12. Bxe7 Rxe7 13. e4 g6 14. e5 Ng7
15. Qd2 Re8 16. Rad1 f6 17. f4 f5 18. b4 Be6 19. b5 Nd7 20. Na4 cxb5 21. Bxb5
a6 22. Bxd7 Bxd7 23. Nc5 b6 24. Nb7 Qe7 25. Nd6 Red8 26. Rb1 Rab8 27. Qd3 b5
28. Rfc1 Ne8 29. Nxe8 Bxe8 30. Rc5 Rbc8 31. Rbc1 Qb7 32. Qc3 Rxc5 33. Qxc5 b4
34. Kf2 a5 35. Qxa5 Ra8 36. Rc7 Rxa5 37. Rxb7 Bb5 38. Nc1 h6 39. h3 Kf8 40. Kg1
Bc4 41. Rxb4 Ra3 42. Rb8+ Kg7 43. Rb7+ Kf8 44. Nb3 g5 45. Nc5 gxf4 46. Ne6+ Ke8
47. Nxf4 Rxa2 48. Nh5 Kd8 49. Rh7 Ra6 50. Nf6 Ra1+ 51. Kh2 Rd1 52. e6 Bb5 53.
e7+ Kc8 54. e8=Q+ Bxe8 55. Nxe8 Rxd4 56. Nd6+ Kd8 57. Nxf5 Rf4 58. g4 d4 59.
Rxh6 Kc7 60. Kg3 1-0

[Event "Asian Open Men"]
[Site "Ho Chi Minh"]
[Date "2012.05.06"]
[Round "2.11"]
[White "Cao, Sang"]
[Black "Qu, Yanqiao"]
[Result "1/2-1/2"]
[WhiteElo "2513"]
[BlackElo "2159"]
[PlyCount "122"]
[EventDate "2012.05.05"]
[EventRounds "9"]
[EventCountry "VIE"]

1. e4 e5 2. Nf3 Nf6 3. d4 Nxe4 4. Bd3 d5 5. Nxe5 Nd7 6. Nxd7 Bxd7 7. O-O Bd6 8.
c4 c6 9. Nc3 O-O 10. cxd5 Nxc3 11. bxc3 cxd5 12. Qh5 g6 13. Qh6 Qc7 14. Bd2
Rfe8 15. Rac1 b5 16. h4 Bf8 17. Qg5 Be7 18. Qh6 Bf8 19. Qg5 Be7 20. Qxd5 Bc6
21. Qb3 Qd7 22. d5 Qxd5 23. Qxd5 Bxd5 24. Bxb5 Red8 25. Be3 Bxa2 26. Ra1 Be6
27. Rxa7 Rxa7 28. Bxa7 Rc8 29. Bd4 Bxh4 30. Ba6 Ra8 31. Be2 Rc8 32. Rb1 Be7 33.
Ba6 Ra8 34. Bd3 Rd8 35. Kf1 Bf8 36. Ke2 Rc8 37. f3 h5 38. Rb6 Bc5 39. Rb2 Bf8
40. Kf2 Bg7 41. Rb6 Kh7 42. Ke2 Ra8 43. Rb2 Rc8 44. Rc2 Bb3 45. Rb2 Be6 46. Ba6
Rc6 47. Bb5 Rc7 48. Bxg7 Kxg7 49. Kd3 Kf6 50. Kd4 Ke7 51. c4 Kd6 52. Ra2 g5 53.
Ra8 Ke7 54. c5 h4 55. c6 Rc8 56. Ra5 Kd6 57. Bd3 Rxc6 58. Rxg5 Rc1 59. Rh5 Rg1
60. f4 Rxg2 61. Rxh4 Rg4 1/2-1/2

[Event "Asian Open Men"]
[Site "Ho Chi Minh"]
[Date "2012.05.06"]
[Round "2.12"]
[White "Nguyen, Ngoc Truong Son"]
[Black "Deepan, Chakkravarthy J"]
[Result "1/2-1/2"]
[WhiteElo "2656"]
[BlackElo "2461"]
[PlyCount "121"]
[EventDate "2012.05.05"]
[EventRounds "9"]
[EventCountry "VIE"]

1. d4 d5 2. c4 c6 3. Nf3 Nf6 4. e3 e6 5. b3 Nbd7 6. Bd3 Bb4+ 7. Nbd2 O-O 8. Bb2
Ne4 9. a3 Ba5 10. b4 Nxd2 11. Qxd2 Bc7 12. O-O dxc4 13. Bxc4 e5 14. Qc2 Qe7 15.
Bd3 h6 16. d5 c5 17. bxc5 Nxc5 18. Bxe5 Bg4 19. Bxc7 Bxf3 20. gxf3 Qxc7 21.
Rfd1 Rad8 22. Bf5 b6 23. Rd4 Qe5 24. Rad1 g6 25. Bh3 Rd6 26. f4 Qh5 27. Bg2 f5
28. Re1 Qh4 29. Qe2 Re8 30. Kh1 Kh7 31. Rg1 Qd8 32. Bf3 Nb3 33. Rdd1 Nc5 34.
Rg2 Qe7 35. Qc4 Red8 36. h3 Qh4 37. Kh2 Qe7 38. Rdg1 Re8 39. Qd4 Qh4 40. Qb4
Qe7 41. Rg3 Red8 42. Qd4 Qh4 43. Qc3 R8d7 44. Qc2 Rg7 45. a4 a5 46. Rd1 Qd8 47.
Rd4 Qh4 48. Rc4 Qd8 49. Qd2 Rf7 50. Qd4 Rfd7 51. Qc3 Rf7 52. Qc2 Rg7 53. Rd4
Qh4 54. Kg2 Qd8 55. Qb1 Rf7 56. Qb5 Rc7 57. Rc4 Rg7 58. Rc1 Rc7 59. Rc4 Rg7 60.
Rc1 Rc7 61. Rc4 1/2-1/2

[Event "Asian Open Men"]
[Site "Ho Chi Minh"]
[Date "2012.05.06"]
[Round "2.14"]
[White "Gupta, Abhijeet"]
[Black "Wang, Chen"]
[Result "0-1"]
[WhiteElo "2644"]
[BlackElo "2482"]
[PlyCount "76"]
[EventDate "2012.05.05"]
[EventRounds "9"]
[EventCountry "VIE"]

1. d4 d5 2. c4 e6 3. Nf3 Nf6 4. Nc3 Be7 5. Bg5 h6 6. Bxf6 Bxf6 7. e3 O-O 8. Rc1
c6 9. h4 Nd7 10. g4 g6 11. g5 hxg5 12. hxg5 Bg7 13. cxd5 exd5 14. Bd3 Re8 15.
Kd2 c5 16. Rh4 cxd4 17. exd4 Nf8 18. Qh1 Bf5 19. Qh2 Bxd3 20. Kxd3 f5 21. Rh1
Qb6 22. Ne5 Rxe5 23. dxe5 Rc8 24. f3 Rd8 25. Kc2 d4 26. Nd1 Qc6+ 27. Kb1 Qxf3
28. Qc2 Ne6 29. Nf2 d3 30. Qb3 Kf7 31. R4h3 Qxf2 32. Qxb7+ Ke8 33. Rh8+ Bxh8
34. Rxh8+ Nf8 35. Qc6+ Ke7 36. Qf6+ Kd7 37. a3 Qc2+ 38. Ka1 d2 0-1

[Event "Asian Open Men"]
[Site "Ho Chi Minh"]
[Date "2012.05.06"]
[Round "2.15"]
[White "Ma, Qun"]
[Black "Zhou, Jianchao"]
[Result "1/2-1/2"]
[WhiteElo "2481"]
[BlackElo "2609"]
[PlyCount "110"]
[EventDate "2012.05.05"]
[EventRounds "9"]
[EventCountry "VIE"]

1. e4 c5 2. Nf3 Nc6 3. d4 cxd4 4. Nxd4 Qb6 5. Nb3 Nf6 6. Nc3 e6 7. Bd3 Be7 8.
O-O d6 9. Kh1 O-O 10. f4 Qc7 11. a3 a6 12. Qf3 b5 13. Bd2 Rb8 14. Rae1 b4 15.
Nd5 exd5 16. exd5 Nxd5 17. Qxd5 bxa3 18. bxa3 Bf6 19. Na5 Nxa5 20. Bxa5 Qd7 21.
Bb4 Rb6 22. Qe4 g6 23. Qe3 Rb8 24. f5 Bb7 25. fxg6 fxg6 26. Qe6+ Qxe6 27. Rxe6
Be5 28. Rxf8+ Rxf8 29. Bxd6 Bxd6 30. Rxd6 Be4 31. Kg1 Bxd3 32. cxd3 Kg7 33. d4
Rf4 34. a4 g5 35. h3 a5 36. Rd5 Kg6 37. g3 Rf3 38. Kg2 Rd3 39. h4 gxh4 40. gxh4
h5 41. Kf2 Rh3 42. Rg5+ Kh6 43. Rxa5 Rxh4 44. Ke3 Rh1 45. Ra8 Kg7 46. a5 h4 47.
a6 h3 48. Kf2 h2 49. Kg2 Rd1 50. Kxh2 Rxd4 51. Kg3 Rd6 52. Kf4 Kh7 53. Kf5 Rb6
54. Ke5 Rg6 55. Ra7+ Kh6 1/2-1/2

[Event "Asian Open Men"]
[Site "Ho Chi Minh"]
[Date "2012.05.06"]
[Round "2.16"]
[White "Ghaem, Maghami Ehsan"]
[Black "Garcia, Jan Emmanuel"]
[Result "1-0"]
[WhiteElo "2579"]
[BlackElo "2399"]
[PlyCount "81"]
[EventDate "2012.05.05"]
[EventRounds "9"]
[EventCountry "VIE"]

1. d4 d6 2. e4 Nf6 3. Nc3 g6 4. Nf3 Bg7 5. Be2 O-O 6. O-O c6 7. h3 Nbd7 8. Be3
e5 9. dxe5 dxe5 10. Nd2 b5 11. a4 b4 12. Na2 a5 13. Nc1 Qc7 14. Ncb3 Rd8 15. c3
bxc3 16. bxc3 Nf8 17. Qc2 Ne6 18. Nc4 c5 19. Na3 Bb7 20. f3 Bf8 21. Bc4 Bc8 22.
Nb5 Qb6 23. Qf2 Ba6 24. Rab1 Bxb5 25. Bxb5 Qc7 26. Rfd1 Nd7 27. g3 Bd6 28. Bc4
Nb6 29. Bb5 Nd7 30. Nd2 Nb6 31. h4 h5 32. Rf1 Ra7 33. Rbd1 Qe7 34. f4 exf4 35.
gxf4 Rc7 36. e5 Nd5 37. Ne4 Bxe5 38. fxe5 Nxe3 39. Qxe3 Qxh4 40. Nf6+ Kf8 41.
Rxd8+ 1-0

[Event "Asian Open Men"]
[Site "Ho Chi Minh"]
[Date "2012.05.06"]
[Round "2.17"]
[White "Nezad, Husein Aziz"]
[Black "Antonio, Rogelio Jr"]
[Result "1-0"]
[WhiteElo "2393"]
[BlackElo "2557"]
[PlyCount "55"]
[EventDate "2012.05.05"]
[EventRounds "9"]
[EventCountry "VIE"]

1. d4 Nf6 2. c4 e6 3. Nc3 Bb4 4. Qc2 O-O 5. a3 Bxc3+ 6. Qxc3 b6 7. Bg5 Bb7 8.
e3 d6 9. Ne2 Nbd7 10. Qc2 c5 11. Rd1 Qc7 12. Nc3 cxd4 13. Rxd4 a6 14. Be2 Rac8
15. O-O d5 16. Rfd1 h6 17. Bh4 e5 18. R4d2 dxc4 19. Qf5 Rcd8 20. Bf3 g6 21. Qh3
e4 22. Bxe4 Bc8 23. Nd5 Qe5 24. f4 Qxe4 25. Bxf6 Qxd5 26. Bxd8 Qc6 27. Rxd7 Re8
28. R7d6 1-0

[Event "Asian Open Men"]
[Site "Ho Chi Minh"]
[Date "2012.05.06"]
[Round "2.18"]
[White "Barbosa, Oliver"]
[Black "Tu, Hoang Thong"]
[Result "1-0"]
[WhiteElo "2550"]
[BlackElo "2434"]
[PlyCount "103"]
[EventDate "2012.05.05"]
[EventRounds "9"]
[EventCountry "VIE"]

1. d4 f5 2. Nf3 Nf6 3. c4 g6 4. g3 Bg7 5. Bg2 O-O 6. O-O c6 7. Nc3 Ne4 8. Qc2
d5 9. Rd1 Kh8 10. Bf4 Be6 11. Qb3 Qb6 12. Qa3 Re8 13. e3 Qa6 14. Qxa6 Nxa6 15.
cxd5 Nxc3 16. bxc3 Bxd5 17. Ne5 Rac8 18. Rdb1 b6 19. a4 Bxg2 20. Kxg2 Bxe5 21.
Bxe5+ Kg8 22. c4 Nb8 23. a5 Nd7 24. f4 b5 25. cxb5 cxb5 26. Rxb5 Rc2+ 27. Kf3
Rec8 28. Rab1 Rxh2 29. R1b2 Rh1 30. Rb7 Nxe5+ 31. fxe5 Kf8 32. Rb8 Rxb8 33.
Rxb8+ Kf7 34. Rb7 a6 35. Rb6 Rh2 36. Rxa6 g5 37. e4 g4+ 38. Ke3 fxe4 39. Kxe4
h5 40. Rb6 h4 41. gxh4 Rxh4 42. Rb4 Rh1 43. Ra4 Rf1 44. Ra3 Ke6 45. a6 Rf8 46.
a7 Ra8 47. Ra6+ Kd7 48. Kf4 Kc7 49. Kxg4 Kb7 50. Ra4 Rxa7 51. Rxa7+ Kxa7 52.
Kf5 1-0

[Event "Asian Open Men"]
[Site "Ho Chi Minh"]
[Date "2012.05.06"]
[Round "2.20"]
[White "Sethuraman, S P."]
[Black "Djuraev, Sokhib"]
[Result "1-0"]
[WhiteElo "2546"]
[BlackElo "2375"]
[PlyCount "73"]
[EventDate "2012.05.05"]
[EventRounds "9"]
[EventCountry "VIE"]

1. d4 d6 2. Nf3 g6 3. c4 Bg7 4. Nc3 e5 5. dxe5 dxe5 6. Qxd8+ Kxd8 7. g3 h6 8.
Bg2 c6 9. O-O Be6 10. b3 Nd7 11. Rd1 Kc7 12. Ba3 Bf8 13. Bb2 Rh7 14. Rac1 Re8
15. c5 f5 16. b4 Ngf6 17. Nxe5 Nxe5 18. Nb5+ cxb5 19. Bxe5+ Kc8 20. Bxf6 Rf7
21. Bd4 Bc4 22. e3 Rd8 23. a3 Rc7 24. Bf6 Re8 25. Rd2 Bg7 26. Bxg7 Rxg7 27. Rd4
Kc7 28. Rcd1 Re6 29. Rd6 Rge7 30. R1d4 b6 31. h4 bxc5 32. bxc5 a5 33. Rd8 Ra6
34. R8d6 Ra7 35. Rc6+ Kb8 36. Rd8+ Kb7 37. Rcc8+ 1-0

[Event "Asian Open Men"]
[Site "Ho Chi Minh"]
[Date "2012.05.06"]
[Round "2.21"]
[White "Bao, Khoa"]
[Black "Ju, Wenjun"]
[Result "0-1"]
[WhiteElo "2257"]
[BlackElo "2529"]
[PlyCount "61"]
[EventDate "2012.05.05"]
[EventRounds "9"]
[EventCountry "VIE"]

1. d4 Nf6 2. Nf3 g6 3. Bf4 Bg7 4. e3 O-O 5. h3 d6 6. Be2 c5 7. Nbd2 Nc6 8. c3
cxd4 9. exd4 Nd5 10. Bh2 e5 11. O-O Re8 12. Ne4 Bf5 13. Bd3 exd4 14. Nxd6 Bxd3
15. Qxd3 Re6 16. Nxb7 Qe7 17. Qc4 dxc3 18. bxc3 Nxc3 19. Nc5 Na5 20. Qb4 Rc6
21. Qxa5 Rxc5 22. Qa6 Ne2+ 23. Kh1 Bxa1 24. Rxa1 Rac8 25. Bd6 Qf6 26. Rd1 Rc1
27. Kh2 Qe6 28. Rd2 R1c6 29. Qa3 Nc3 30. Ng5 Qf5 31. f4 0-1

[Event "Asian Open Men"]
[Site "Ho Chi Minh"]
[Date "2012.05.06"]
[Round "2.22"]
[White "Salem, A R  Saleh"]
[Black "Pham, Chuong"]
[Result "1-0"]
[WhiteElo "2528"]
[BlackElo "2349"]
[PlyCount "80"]
[EventDate "2012.05.05"]
[EventRounds "9"]
[EventCountry "VIE"]

1. d4 d5 2. c4 e6 3. Nc3 Nf6 4. cxd5 exd5 5. Bg5 Be7 6. e3 Nbd7 7. Bd3 O-O 8.
Nge2 Re8 9. Qc2 Nf8 10. O-O c6 11. f3 Ng6 12. e4 dxe4 13. fxe4 Ng4 14. Bxe7
Qxe7 15. Qd2 Qd6 16. e5 N6xe5 17. dxe5 Qc5+ 18. Kh1 Nf2+ 19. Rxf2 Qxf2 20. Ne4
Qh4 21. Nd4 Be6 22. Nd6 Rf8 23. Nxe6 fxe6 24. Bc4 Qe7 25. Qe3 Kh8 26. Re1 b5
27. Bb3 a5 28. g3 c5 29. Qxc5 a4 30. Bd1 Qg5 31. Qxb5 Qd2 32. Qe2 Qd5+ 33. Qe4
Qxa2 34. Nf7+ Kg8 35. Ng5 g6 36. Bg4 Rae8 37. Bxe6+ Rxe6 38. Qb7 Rf2 39. Qc8+
Kg7 40. Nxe6+ Kh6 1-0

[Event "Asian Open Men"]
[Site "Ho Chi Minh"]
[Date "2012.05.06"]
[Round "2.23"]
[White "Lu, Shanglei"]
[Black "Narayanan, Srinath"]
[Result "1-0"]
[WhiteElo "2522"]
[BlackElo "2383"]
[PlyCount "51"]
[EventDate "2012.05.05"]
[EventRounds "9"]
[EventCountry "VIE"]

1. e4 c5 2. Nf3 d6 3. Bb5+ Nd7 4. c3 Ngf6 5. Qe2 a6 6. Ba4 Qc7 7. Bc2 c4 8. a4
Rb8 9. Na3 b5 10. axb5 axb5 11. d3 cxd3 12. Bxd3 e5 13. Nxb5 Qd8 14. b4 Be7 15.
O-O O-O 16. Rd1 Bb7 17. c4 Bc6 18. Bc2 Bxb5 19. cxb5 Qb6 20. Bd3 d5 21. exd5
Bxb4 22. Ra6 Qb7 23. Ng5 h6 24. Ne4 Nxd5 25. Bxh6 N7b6 26. Bxg7 1-0

[Event "Asian Open Men"]
[Site "Ho Chi Minh"]
[Date "2012.05.06"]
[Round "2.26"]
[White "Nguyen, Van Hai"]
[Black "Ni, Hua"]
[Result "1-0"]
[WhiteElo "2341"]
[BlackElo "2673"]
[PlyCount "103"]
[EventDate "2012.05.05"]
[EventRounds "9"]
[EventCountry "VIE"]

1. d4 Nf6 2. Bg5 c5 3. Bxf6 gxf6 4. d5 Qb6 5. Qc1 f5 6. c4 d6 7. Nc3 Nd7 8. e3
Nf6 9. Qc2 e5 10. g3 h5 11. Nf3 e4 12. Nh4 Ng4 13. Be2 Bg7 14. a3 Bd7 15. Ng2
Be5 16. h3 Nf6 17. h4 a6 18. O-O Qd8 19. Rab1 Rc8 20. Nf4 Ng4 21. Rfc1 Qf6 22.
Na4 Qd8 23. b4 cxb4 24. axb4 Rg8 25. Bxg4 Rxg4 26. Ng2 Kf8 27. Qb3 Bxg3 28.
fxg3 Rxg3 29. Nc3 Qxh4 30. Ne2 Rg4 31. Nef4 Qg3 32. Qc3 h4 33. c5 Kg8 34. Rc2
Rg5 35. Qe1 Qg4 36. Kh2 Kg7 37. Nh3 Qg3+ 38. Qxg3 hxg3+ 39. Kg1 Rg4 40. Rbc1
dxc5 41. bxc5 Kf6 42. c6 bxc6 43. dxc6 Be6 44. Ra1 Rc7 45. Ngf4 Rg8 46. Rxa6
Rb8 47. Ra3 Ke5 48. Ne2 Rb1+ 49. Kg2 Bb3 50. Rc3 Bd5 51. Ra5 Kd6 52. Nd4 1-0

[Event "Asian Open Men"]
[Site "Ho Chi Minh"]
[Date "2012.05.06"]
[Round "2.27"]
[White "Gopal, G N."]
[Black "Pitra, Andika"]
[Result "1-0"]
[WhiteElo "2562"]
[BlackElo "2327"]
[PlyCount "71"]
[EventDate "2012.05.05"]
[EventRounds "9"]
[EventCountry "VIE"]

1. e4 c5 2. Nf3 e6 3. d4 cxd4 4. Nxd4 Nf6 5. Nc3 d6 6. g4 h6 7. h4 Nc6 8. Rg1
h5 9. gxh5 Nxh5 10. Bg5 Qb6 11. Nb3 a6 12. Qd2 Bd7 13. O-O-O Qc7 14. Be2 Rc8
15. Kb1 b5 16. Rde1 Nf6 17. a3 b4 18. axb4 Nxb4 19. h5 Be7 20. f4 Bc6 21. Bf3
Bb7 22. Bh4 Kf8 23. Qg2 Ne8 24. Bxe7+ Kxe7 25. e5 Bxf3 26. Qxf3 Qc6 27. Qg4 Nd5
28. Rg3 Nxc3+ 29. Rxc3 Qb7 30. Qg5+ Kf8 31. Rxc8 Qxc8 32. Nd4 d5 33. f5 Qc4 34.
Rd1 Rh6 35. fxe6 fxe6 36. Qd8 1-0

[Event "Asian Open Men"]
[Site "Ho Chi Minh"]
[Date "2012.05.06"]
[Round "2.28"]
[White "Jumabayev, Rinat"]
[Black "Sonjaya, Deni"]
[Result "1-0"]
[WhiteElo "2556"]
[BlackElo "2321"]
[PlyCount "73"]
[EventDate "2012.05.05"]
[EventRounds "9"]
[EventCountry "VIE"]

1. d4 f5 2. g3 Nf6 3. Bg2 g6 4. Nf3 Bg7 5. b3 O-O 6. Bb2 d6 7. O-O Qe8 8. c4
Na6 9. Nc3 h6 10. d5 g5 11. e3 Bd7 12. Nd4 c6 13. Re1 Nc7 14. b4 cxd5 15. cxd5
Rc8 16. b5 Qf7 17. Qb3 Ng4 18. h3 Ne5 19. Nce2 Rfe8 20. Rec1 Ng6 21. Rc4 Na8
22. Rac1 Rxc4 23. Rxc4 f4 24. exf4 gxf4 25. Ne6 Bxb2 26. Qxb2 Nb6 27. Rxf4 Nxf4
28. N2xf4 Nc4 29. Qd4 Ne5 30. Qxa7 Qf5 31. Qe3 Qb1+ 32. Kh2 Rc8 33. Be4 Qc1 34.
Qe2 Be8 35. Nd3 Qc3 36. Qe3 Nxd3 37. Qxh6 1-0

[Event "Asian Open Men"]
[Site "Ho Chi Minh"]
[Date "2012.05.06"]
[Round "2.29"]
[White "Hamdani, Rudin"]
[Black "Dao, Thien Hai"]
[Result "1/2-1/2"]
[WhiteElo "2322"]
[BlackElo "2514"]
[PlyCount "148"]
[EventDate "2012.05.05"]
[EventRounds "9"]
[EventCountry "VIE"]

1. d4 f5 2. Nf3 Nf6 3. g3 g6 4. Bg2 Bg7 5. O-O O-O 6. c4 d6 7. Nc3 Qe8 8. Qb3
Kh8 9. d5 Na6 10. a3 c6 11. Be3 e5 12. dxe6 Qe7 13. Qc2 Bxe6 14. b3 Bg8 15.
Rfd1 Nc7 16. Rab1 Rfe8 17. h3 d5 18. Bd4 b6 19. cxd5 Ncxd5 20. b4 Rac8 21. Rbc1
Nxc3 22. Qxc3 c5 23. bxc5 bxc5 24. Be5 c4 25. Rd6 Nd5 26. Bxg7+ Qxg7 27. Qxg7+
Kxg7 28. Nd4 Nb6 29. e3 Re7 30. Bc6 Re5 31. a4 Kf8 32. Bb5 Rec5 33. a5 Nd5 34.
Rd7 R8c7 35. Rd8+ Kg7 36. Rb8 Ne7 37. a6 Bd5 38. Kf1 Nc8 39. f3 Kf6 40. Kf2 Nd6
41. h4 Rc8 42. Rxc8 Rxc8 43. Ba4 Rb8 44. Bc2 Rb2 45. Ne2 Nb5 46. e4 fxe4 47.
fxe4 Be6 48. Ke3 Ra2 49. Kf4 Rxa6 50. e5+ Ke7 51. Rb1 Rb6 52. Be4 Nc7 53. Rc1
Bf7 54. Nd4 Ne6+ 55. Ke3 Nc5 56. Rf1 a6 57. g4 Nxe4 58. Kxe4 Be6 59. g5 Bh3 60.
Rf2 a5 61. Kd5 c3 62. Rc2 Be6+ 63. Nxe6 Rxe6 64. Rxc3 Ra6 65. Rc7+ Kd8 66. Rxh7
a4 67. h5 gxh5 68. Rxh5 a3 69. Rh1 a2 70. Ra1 Ke7 71. g6 Rxg6 72. Rxa2 Rh6 73.
Ra7+ Ke8 74. e6 Rh1 1/2-1/2